000 00523nam a22002057a 4500
003 OSt
005 20140310182933.0
008 130131t xxu||||| |||| 00| 0 eng d
020 _a9716420315
050 _aJK 11
_b.Z21 1996
082 _aFIL 320 .Z1 1996
_b.Z21 1996
245 _aPolitical science
_cZaide, Sonia M.
260 _aQuezon] City
_bAll National Pub.
_c1996
300 _avii, 273 p.
_c23 cm.
521 _aCollege
526 _c1210L-1700L
541 _j1
562 _e1
942 _2lcc
_cBK
_kFIL
999 _c17560
_d17560